Normal view
MARC view
- Edited:Bromley,J.S
Entry Personal Name
001 - CONTROL NUMBER
- control field: 5577
003 - CONTROL NUMBER IDENTIFIER
- control field: JO-AjAnu
005 - DATE AND TIME OF LATEST TRANSACTION
- control field: 20230606071215.0
008 - FIXED-LENGTH DATA ELEMENTS
- fixed length control field: 230606|| aca||aabn | a|a d
040 ## - CATALOGING SOURCE
- Original cataloging agency: JO-AjAnu
- Transcribing agency: JO-AjAnu
100 ## - HEADING--PERSONAL NAME
- Personal name: Edited:Bromley,J.S
670 ## - SOURCE DATA FOUND
- Source citation: Work cat.: (JO-AjAnu)2884: Edited:Bromley,J.S, author, The New Cambridge modern history volume vi the rise of great britain and russia